Jeux olympiques Paris 1900 - Nations participantes - Statistiques

Statistiques générales
  • Ce quiz a été pris 44 fois
  • Le résultat moyen est 22 sur 28
Statistiques - réponses
PAYS % Correct
Europe France
98%
Europe Pays-Bas
98%
Europe/Asie Russie
98%
Europe Allemagne
95%
Europe Belgique
95%
Europe Espagne
95%
Amérique Etats-Unis
95%
Europe Italie
95%
Europe Norvège
95%
Europe Royaume-Uni
95%
Europe Suisse
95%
Europe Autriche
93%
Amérique Canada
93%
Europe Suède
93%
Europe Danemark
88%
Amérique Mexique
88%
Amérique Argentine
85%
Océanie Australie
85%
Europe Grèce
83%
Europe Hongrie
80%
Europe Roumanie
76%
Asie Inde
66%
Europe Luxembourg
61%
Amérique Pérou
54%
Amérique Cuba
51%
Asie Iran
51%
Amérique Haiti
34%
Europe Bohème
7%
Aucun quiz correspondant
Distribution des résultats
% des personnes avec chaque résultat
Percentile par nombre de réponses
Votre historique - résultats
Vous n’avez pas pris ce quiz